000 01501nam a2200301 a 4500
001 000046195
003 DO-SdBNP
005 20220823093732.0
008 150703s2015 dr ac 000 0 spa d
020 _a9789945083163
040 _aBNPHU
_bspa
_cBNPHU
082 _a868.9981
_bL566a 2015
_222
245 0 0 _aLengua del alma la pluma :
_bantología poética /
_cedición , introducción, notas y epílogos de Rei Berroa.
260 _aSanto Domingo :
_bBúho,
_c2015.
300 _a303 p. :
_bil., retrs. ;
_c22 cm.
490 0 _aLibros de la luna,
_v10
500 _aEsta antología recoge el grupo de poetas que participaron en la presentaciones del ”XXIII Maratón de Poesía del Teatro de la Luna en Washinton DC“ . par conmemorar el cuarto centenario de la publicación de la segunda parte del Quijote de Cervantes (1615).
500 _aIncluye referencias bibliográficas y notas al pie de las páginas.
501 _aEsta antología recoge el grupo de poetas que participaron en la presentaciones del ”XXIII Maratón de Poesía del Teatro de la Luna en Washinton DC“ . par conmemorar el cuarto centenario de la publicación de la segunda parte del Quijote de Cervantes (1615).
590 _6Inventariado, 2022/VM
650 4 _aPoesía latinoamericana
_vColecciones
_3
650 4 _aPoesía dominicana
_v Colecciones.
650 4 _aAutores latinoamericanos
650 4 _aLiteratura latinoamericana
700 1 _aBerroa, Rei,
_eed.
910 _aVMateo V.
942 _2ddc
_cBK
999 _c14240
_d14240